| 000 | 00783cam a2200217 a 4500 | ||
|---|---|---|---|
| 001 | 000011790 | ||
| 005 | 20200929162551.0 | ||
| 008 | 920820s1992 ck a b 000 0 spa | ||
| 040 |
_aDO-SdBNP _bspa _cLC _dBNPHU |
||
| 082 |
_a410 _bH868i |
||
| 100 | 1 |
_aHoyos Andrade, Rafael Eugenio. _927897 |
|
| 245 | 1 | 0 |
_aIntroducción a la lingüística funcional / _cRafael Eugenio Hoyos Andrade. |
| 260 |
_aSantafé, Bogotá : _bInstituto Caro y Cuervo, _c1992. |
||
| 300 |
_a134 p. : _bil. ; _c21 cm. |
||
| 490 | 1 |
_aPublicaciones del Instituto Caro y Cuervo _aMinor, _v33 |
|
| 504 | _aIncluye referencias bibliográficas. | ||
| 650 | 4 |
_aLinguistica _927898 |
|
| 830 | 0 |
_aPublicaciones del Instituto Caro y Cuervo _pMinor, _v33 _921930 |
|
| 910 | _aCatalogación por copia / LC | ||
| 049 | _aBNGR | ||
| 999 |
_c11464 _d11464 |
||